Writing security tools and exploits (Record no. 62236)

MARC details
000 -LEADER
fixed length control field 00737nam a2200193 a 4500
008 - FIXED-LENGTH DATA ELEMENTS--GENERAL INFORMATION
fixed length control field 071204s2006 ||||||||||||||||| || u
020 ## - INTERNATIONAL STANDARD BOOK NUMBER
International Standard Book Number 1597499978
050 ## - LIBRARY OF CONGRESS CALL NUMBER
Classification number QA 76.9.A25 Fos
100 ## - MAIN ENTRY--PERSONAL NAME
Personal name Foster, James C
245 10 - TITLE STATEMENT
Title Writing security tools and exploits
Statement of responsibility, etc. James C. Foster; Vincent Liu
260 ## - PUBLICATION, DISTRIBUTION, ETC.
Place of publication, distribution, etc. Rockland
Name of publisher, distributor, etc. Syngress
Date of publication, distribution, etc. 2006
300 ## - PHYSICAL DESCRIPTION
Extent xxiv, 638p.ill.:
350 ## - PRICE (NR) (BK AM CF MU VM SE) [OBSOLETE]
Price 0.00
650 ## - SUBJECT ADDED ENTRY--TOPICAL TERM
Topical term or geographic name entry element COMPUTER SECURITY (COMPUTER SCIENCE)
650 ## - SUBJECT ADDED ENTRY--TOPICAL TERM
Topical term or geographic name entry element COMPUTERS
650 ## - SUBJECT ADDED ENTRY--TOPICAL TERM
Topical term or geographic name entry element ELECTRONIC DATA PROCESSING DEPARTMENTS--SECURITY MEASURES
700 ## - ADDED ENTRY--PERSONAL NAME
Personal name Liu, Vincent
995 ## - RECOMMENDATION 995 [LOCAL, UNIMARC FRANCE]
-- 0.00
-- CBU-MAIN LIBRARY (Kitwe)
-- 1
-- 0.00
-- 1
-- AVAILABLE
-- Dec 4, 2007
-- Main Library Open Access Collection
Holdings
Withdrawn status Lost status Source of classification or shelving scheme Damaged status Not for loan Home library Current library Shelving location Date acquired Total Checkouts Full call number Barcode Date last seen Price effective from Koha item type
          CBU-MAIN LIBRARY, KITWE. CBU-MAIN LIBRARY, KITWE.   11/30/2022   QA 76.9.A25 Fos 738130 11/30/2022 11/30/2022 MONOGRAPH